| 000 | 00883nas a2200241 i 4500 | ||
|---|---|---|---|
| 001 | 2504 | ||
| 003 | ES-MaACL | ||
| 005 | 20250217134641.0 | ||
| 007 | t| | ||
| 008 | 950801d18681869sp | s| 1 ||pa d | ||
| 080 | _a35 | ||
| 245 | 0 | 0 |
_aAnuario administrativo y estadístico de la provincia de Madrid para el año.. / _credactado de orden del Excmo. Sr. Gobernador Francisco Javier de Bona ... publicado por acuerdo y a expensas de la Excma. Diputación Provincial. |
| 260 |
_aMadrid : _bDiputación Provincial, _c1868-1869. |
||
| 300 |
_a1 v. (VIII, 726 p.) ; _c25 cm. |
||
| 310 | _aAnual | ||
| 362 | 0 | _a1868. | |
| 651 | 4 |
_aMadrid (Comunidad Autónoma )- _vEstadísticas. _9141781 |
|
| 700 | 1 |
_aBona, Fracisco Javier de. _930045 |
|
| 710 | 1 |
_aMadrid (Provincia). _bDiputación Provincial. _9134671 |
|
| 852 |
_aES-MaACL _jB-9332 |
||
| 866 | 0 | _o1868. | |
| 999 |
_c2504 _d2504 |
||